Drama with children
The book provides practical ideas for introducing drama activities into the English class, including role play, mime, chants, puppets, and short plays. As well as develping speaking and pronunciation, drama helps children to develop self-confidence and express their imagination, personalities, and c...
Guardat en:
| Autor principal: | |
|---|---|
| Format: | Llibre |
| Idioma: | Undetermined |
| Publicat: |
Oxford
Oxford Univ. Press
1999
|
| Matèries: | |
| Etiquetes: |
Afegir etiqueta
Sense etiquetes, Sigues el primer a etiquetar aquest registre!
|
| Thư viện lưu trữ: | Trung tâm Học liệu Trường Đại học Cần Thơ |
|---|
| LEADER | 00985nam a2200241Ia 4500 | ||
|---|---|---|---|
| 001 | CTU_37696 | ||
| 008 | 210402s9999 xx 000 0 und d | ||
| 020 | |b 115.000đ | ||
| 082 | |a 428.24 | ||
| 082 | |b P558d | ||
| 100 | |a Phillips, Sarah | ||
| 245 | 0 | |a Drama with children | |
| 245 | 0 | |c Sarah Phillips | |
| 260 | |a Oxford | ||
| 260 | |b Oxford Univ. Press | ||
| 260 | |c 1999 | ||
| 520 | |a The book provides practical ideas for introducing drama activities into the English class, including role play, mime, chants, puppets, and short plays. As well as develping speaking and pronunciation, drama helps children to develop self-confidence and express their imagination, personalities, and creativity. | ||
| 526 | |a Phương pháp dạy Tiếng Anh cho trẻ em | ||
| 526 | |b SG291 | ||
| 650 | |a English language,English language | ||
| 650 | |x Sudy and teaching,Textbooks for foreign speakers | ||
| 904 | |i Minh | ||
| 980 | |a Trung tâm Học liệu Trường Đại học Cần Thơ | ||